Thousand Foot Krutch - All Songs - Statistics

General Stats
  • This quiz has been taken 8 times
  • The average score is 35 of 109
Answer Stats
Set It Off % Correct
The End Is Where We Begin
100%
Courtesy Call
75%
The Art Of Breaking
75%
Falls Apart
75%
Set It Off
75%
The Flame In All Of Us
75%
Welcome To The Masquerade
75%
Anyone Else
50%
Be Somebody
50%
Brother John
50%
Complicate You
50%
Down
50%
Go
50%
Hand Grenade
50%
Inhuman
50%
Let The Sparks Fly
50%
My Home
50%
My Own Enemy
50%
New Design
50%
Outta Control
50%
Oxygen
50%
Phenomenon
50%
Rhime Animal
50%
Scream
50%
Small Town
50%
Take It Out On Me
50%
The Safest Place
50%
This Is A Call
50%
War Of Change
50%
Absolute
25%
A Different Kind Of Dynamite
25%
All I Need To Know
25%
All The Way Live
25%
Already Home
25%
Born Again
25%
Bounce
25%
Break The Silence
25%
Breather
25%
Breathe You In
25%
Bring Me To Life
25%
Can't Stop This
25%
Step To Me
25%
E For Extinction
25%
Everyone Like Me
25%
Faith, Love And Happiness
25%
Favorite Disease
25%
Fire It Up
25%
Fly On The Wall
25%
Give It To Me
25%
Give Up The Ghost
25%
Glow
25%
Hit The Floor
25%
Honest
25%
I Climb
25%
I Get Wicked
25%
Incomplete
25%
In My Room
25%
Intro
25%
I See Red
25%
Last Words
25%
Learn To Breathe
25%
Lifeline
25%
Lift It
25%
Light Up
25%
Light Up The Sky
25%
Like A Machine
25%
Look Away
25%
Make Me A Believer
25%
Moment Of The Day
25%
Move
25%
New Drug
25%
Off The Rails
25%
Ordinary
25%
Outroduction
25%
Puppet
25%
Push
25%
Quicken
25%
Rawkfist
25%
Running With Giants
25%
Searchlight
25%
Set Me On Fire
25%
Shook
25%
Slow Bleed
25%
Smack Down
25%
So Far Gone
25%
Stranger
25%
Supafly
25%
The Alternative Song
25%
The Introduction
25%
The Invitation
25%
The Last Song
25%
The Part That Hurts The Most (Is Me)
25%
The River
25%
This Is A Warning
25%
Unbelievable
25%
Untraveled Road
25%
Upcomesdown
25%
Watching Over Me
25%
We Are
25%
What Do We Know
25%
When In Doubt
25%
Wish You Well
25%
Adrenaline
0%
Born This Way
0%
Broken Wing
0%
Come Along
0%
Forward Motion
0%
Hurt
0%
Sweet Unknown
0%
No matching quizzes found
Score Distribution
Percent of People with Each Score
Percentile by Number Answered
Your Score History
You have not taken this quiz